Využitie prostriedkov informačno-komunikačných technológií v marketingu a reklame bakalárska práca

Guardado en:
Detalles Bibliográficos
Autor principal: Vychlopen, Patrik
Autor Corporativo: Obchodná fakulta EU. Katedra informatiky obchodných firiem
Otros Autores: Poláček, Marian
Formato: Libro
Lenguaje:eslovaco
Publicado: Bratislava 2017
Etiquetas: Agregar Etiqueta
Sin Etiquetas, Sea el primero en etiquetar este registro!

MARC

LEADER 00000nbm a2200000 4500
001 0232862
005 20171003100841.0
041 0 |a slo 
044 |a SK 
245 1 0 |a Využitie prostriedkov informačno-komunikačných technológií v marketingu a reklame  |b bakalárska práca  |c Patrik Vychlopen ; školiteľ: Marian Poláček 
264 1 |a Bratislava  |c 2017 
300 |a 50 s. 
100 1 |a Vychlopen, Patrik 
700 1 |a Poláček, Marian 
710 2 |a Obchodná fakulta EU. Katedra informatiky obchodných firiem